01366cam a22002897a 4500999001700000003000900017005001700026008004100043020001500084040004300099082002500142100008500167245016500252264022000417300003000637336002600667337003500693338002900728500003600757590001700793650005900810653002300869655001700892700005300909942001200962952010200974 c14144d14144EG-ScBUE20191229102638.0100621s1995 ua f 001 0 eng d a9772050692 aEG-ScBUEbaraerdacEG-ScBUEdEG-ScBUE04a492.75bم ك ي2221 914975aابن مكي، عمر بن خلف،‏dت . 501 هـ.‏،eمؤلف.10aتثقيف اللسان وتلقيح الجنان /cلابن مكي الصقلي ت 501 هـ - 1107 م ؛ تحقيق الدكتور عبد العزيز مطر. 1aالقاهرة، جمهورية مصر العربية :bوزارة الأوقاف، المجلس الأعلى للشئون الإسلامية، لجنة إحياء التراث الإسلامي،c1995. a463 صفحة ؛c 27 سم 2rdacontentaنصbtxt 2rdamediaaبدون وسيطbn 2rdacarrieraمجلدbnc aيشتمل على كشافات. amahmoud sami 7914976aاللغة العربيةxأخطاء.2BUEsh bGGENcDecember2019 vReading book1 aمطر، عبد العزيز،eمحقق.931564 2ddccBB 00102ddc4070aMAINbMAINc2NDd2010-06-21o492.75 م ك يp000021075r2025-07-15 00:00:00yBB